La prueba de la virtud /

保存先:
書誌詳細
第一著者: Ibargüengoitia, Jorge (guión)
その他の著者: Espinasa, José María (introducción) (introducción)
フォーマット: 図書
言語:スペイン語
出版事項: México : Guanajuato, México : El Milagro : CONACULTA ; La Rana, 2007, c2007
シリーズ:(Cine El Milagro)
主題:
タグ: タグ追加
タグなし, このレコードへの初めてのタグを付けませんか!

MARC

LEADER 00000nam^a2200000^a^4500
001 000399920
005 20250521000000.0
009 20260310121604.099
020 |a 978-970-9912-21-0 
020 |a 970-35-1380-8 
020 |a 978-970-35-1380-2 
020 |a 970-724-080-6 
037 |a Acervo ITESO - Biblioteca 
041 |a ESP 
082 |a 302. 2350972  |b IBA 
100 |a Ibargüengoitia, Jorge  |e (guión) 
245 1 3 |a La prueba de la virtud /  |c Guión de J. Ibargüengoitia ; introd. de J.M. Espinasa. 
264 4 |a México :  |b El Milagro :  |b CONACULTA ;  |a Guanajuato, México :  |b La Rana,  |c 2007, c2007 
300 |a 140 p. 
336 |a texto  |b txt  |2 rdacontenido 
337 |a sin mediación  |b n  |2 rdamedio 
338 |a volumen  |b nc  |2 rdasoporte 
440 1 |a (Cine El Milagro) 
521 |a FIL 2017 EEnlace Departamento de Estudios Socioculturales 
545 0 |a Jorge Ibargüengoitia (Guanajuato 1928 – Madrid 1983) es autor de una obra caracterizada por una visión punzante y antisolemne de la provincia, la historia y la política mexicanas. Irrumpió en el panorama literario con la comedia Susana y los jóvenes, escrita en 1953 y estrenada un año después. Alcanzó el reconocimiento inicial como dramaturgo al recibir una mención especial en el Concurso de Teatro Latinoamericano de Buenos Aires en 1956, por La lucha con el ángel (1956); el Premio Ciudad de México, por La conspiración vendida (1960); y el Premio Casa de las Américas 1963 por El atentando (1961). El rey tiene cuernos y Clotilde en su casa (ambas de 1954), El loco amor viene, El tesoro perdido y Dos crímenes (1956), Pájaro en mano y El viaje superficial (1959), Ante varias esfinges, Los buenos manejos y La fuga de Nicanor (1960) y No te achicopales Cacama (1961) ejemplifican esta primera etapa teatral. Sin embargo, Ibargüengoitia dio paso con Los relámpagos de agosto, su primera novela y Premio Casa de las Américas en 1964, a una fase caracterizada por el mayor protagonismo de su obra narrativa. A los relatos de La ley de Herodes (1967) y la novela Maten al león (1969), siguió la trilogía desarrollada en la provincia ficticia de Plan de Abajo y formada por Estas ruinas que ves (1974, Premio Novela Ciudad de México), Las muertas (1977) y Dos crímenes (1979). Los pasos de López (1982) fue su sexta y última novela. Además, es autor del ensayo Teatro mexicano contemporáneo (1957) y colaboró con varias publicaciones culturales, compilando en 1972 sus artículos periodísticos en Viajes en la América ignota, al que se agregaron nuevos volúmenes similares aparecidos póstumamente. 
649 |a XX 
650 |a Guiones Cinematográficos -  |z México 
650 |a Parodias 
650 |a Comedias Cinematográficas 
650 |a Literatura y Cine 
650 |a Literatura Mexicana -  |y Siglo XX 
700 |a Espinasa, José María  |e (introducción) 
740 3 |a La víctima /  |c Guión de J. Ibargüengoitia ; introd. de J.M. Espinasa. 
910 |a Fondo General 
920 |a Impresos - Libros 
930 |a Colección General 
905 |a 101 
901 |a 0500295281  |b IT1  |c ACC  |i c157837  |u 20250521 
902 |a https://opac.biblio.iteso.mx/vufind/Record/000399920